| 000 | 00886cam a22002293a 4500 | ||
|---|---|---|---|
| 001 | 14055 | ||
| 003 | PGUSA | ||
| 005 | 20140828083312.0 | ||
| 008 | 041115s2004||||xxu|||||s|||||000 | eng d | ||
| 040 |
_aPGUSA _beng |
||
| 042 | _adc | ||
| 050 | 4 | _aHD | |
| 100 | 1 |
_aPowdermaker, Florence, _d1894-1966 |
|
| 245 | 1 | 0 |
_aFood Guide for War Service at Home : _bPrepared under the direction of the United States Food Administration in co-operation with the United States Department of Agriculture and the Bureau of Education, with a preface by Herbert Hoover _h[electronic resource] / _cFlorence Powdermaker |
| 260 |
_bProject Gutenberg, _c2004 |
||
| 506 | _aPublic domain in the USA. | ||
| 516 | _aElectronic text | ||
| 653 | _aWorld War, 1914-1918 -- Food supply -- United States | ||
| 830 | 0 |
_aProject Gutenberg _v14055 |
|
| 856 | 4 | 0 | _uhttp://www.gutenberg.org/ebooks/14055 |
| 942 | _cEB | ||
| 999 |
_c243310 _d243310 |
||